Angora goat.

Bibliographic Details
Corporate Author: United States. Department of Agriculture. Office of the Secretary
Format: Government Document eBook
Language:English
Published: [Washington] : GPO, 1908.
Subjects:
Online Access:Connect to the full text of this electronic document

MARC

Tag First Indicator Second Indicator Subfields
LEADER 00000cam a22000001a 4500
001 in00003622821
005 20190408171706.0
006 m o d f
007 cr bn mmmapmmp
008 141205s1908 dcu o f000 0 eng d
035 |a ebd1909400829 
040 |a UMI  |c UMI  |d UtOrBLW 
086 0 |a A 1.9:137/[rev.] 
099 |a A109-137.2 
110 1 |a United States.  |b Department of Agriculture.  |b Office of the Secretary. 
245 1 0 |a Angora goat. 
264 1 |a [Washington] :  |b GPO,  |c 1908. 
300 |a 1 online resource (48 pages) 
336 |a text  |b txt  |2 rdacontent 
337 |a computer  |b c  |2 rdamedia 
338 |a online resource  |b cr  |2 rdacarrier 
500 |a Series of bulletins on recent advances in crop selection, soil management, pest control, livestock, farm machinery, and hygiene. Includes subseries of bulletins, Experiment station work, presenting brief articles on results of research at agricultural experiment stations. 
533 |a Electronic reproduction.  |b [Bethesda, Md.] :  |c ProQuest,  |d 2014.  |e digital, PDF file.  |n ProQuest U.S. Executive Branch Documents  |n Mode of access: World Wide Web via ProQuest website. 
588 |a Record is based on online resource; title from PDF title page (ProQuest, last viewed Dec. 2014). Reuse except for individual research requires license from ProQuest, LLC. 
500 |a Electronic resource. 
650 0 |a Goats.  |0 http://id.loc.gov/authorities/subjects/sh85055494 
650 0 |a Livestock.  |0 http://id.loc.gov/authorities/subjects/sh85077784 
651 0 |a Great Britain.  |0 http://id.loc.gov/authorities/subjects/sh85056605 
651 0 |a Turkey.  |0 http://id.loc.gov/authorities/names/n80070818 
655 7 |a Electronic books.  |2 local 
856 4 0 |u http://proxy.library.tamu.edu/login?url=http://congressional.proquest.com/congressional/docview/t66.d71.a109-137.2  |z Connect to the full text of this electronic document  |t 0 
999 f f |s 3af2dcce-881b-3ac6-842d-2b567883cab9  |i e481e10c-b62a-3e4f-8abe-514955f62c9a  |t 0 
952 f f |a Texas A&M University  |b College Station  |c Electronic Resources  |d Available Online  |t 0  |h No information provided 
998 f f |t 0  |l Available Online